000 00555nam a22001937a 4500
003 KOHA_MİRAKIL
005 20251224145631.0
008 251224b tu ||||| |||| 00| 0 tur d
020 _a9786057043467
040 _aTR-AnABB
_btur
_cTR-AnABB
041 _atur
082 _a005.133
_bAYA 2021
100 1 _aAyan, Buğra,
245 1 0 _aMoonbeam ile akıllı kontrat geliştirme /
_cBuğra Ayan
260 _aAnkara :
_bMaarif Mektepleri,
_c2021
300 _a84 sayfa ;
_c24 cm
650 0 4 _aBigisayar programlama dilleri
942 _2ddc
_cBK
999 _c9937
_d9937
900 _bGizem YORULMAZ